[Event "Madrid-ch Previa A"]
[Site "Madrid"]
[Date "2023.02.20"]
[Round "7.19"]
[White "Cujba, Anca Claudia"]
[Black "Marin Lopez, Juan Jose"]
[Result "1-0"]
[WhiteElo "1669"]
[BlackElo "1780"]
[PlyCount "59"]
[EventDate "2023.02.06"]
[EventType "swiss"]
[EventRounds "9"]
[EventCountry "ESP"]
[SourceTitle "EXT 2024"]
[Source "ChessBase"]
[SourceDate "2023.10.10"]
[SourceVersion "1"]
[SourceVersionDate "2023.10.10"]
[SourceQuality "1"]

1. d4 f5 2. Bg5 g6 3. e3 Bg7 4. Bd3 Nf6 5. Nd2 d6 6. f4 Nc6 7. Ngf3 0-0 8. 0-0 Qe8 9. e4 Ng4 10. c3 Kh8 11. Re1 h6 12. Bh4 Bf6 13. h3 Bxh4 14. Nxh4 Nf6 15. exf5 gxf5 16. Nxf5 Nd5 17. Nxh6 Nxf4 18. Bc2 Kg7 19. Ng4 Qh5 20. Nc4 Nxh3+ 21. gxh3 Qxh3 22. Re3 Qh5 23. Rg3 Kh8 24. Qe2 Rf4 25. Nce3 Be6 26. Kg2 Bd5+ 27. Nxd5 Qxd5+ 28. Kg1 Rg8 29. Qh2+ Kg7 30. Ne3+ 1-0

[Event "Madrid-ch Previa A"]
[Site "Madrid"]
[Date "2023.02.06"]
[Round "1.24"]
[White "Lopez Manso, Jeronimo"]
[Black "Marin Lopez, Juan Jose"]
[Result "0-1"]
[WhiteElo "1422"]
[BlackElo "1780"]
[PlyCount "80"]
[EventDate "2023.02.06"]
[EventType "swiss"]
[EventRounds "9"]
[EventCountry "ESP"]
[SourceTitle "EXT 2024"]
[Source "ChessBase"]
[SourceDate "2023.10.10"]
[SourceVersion "1"]
[SourceVersionDate "2023.10.10"]
[SourceQuality "1"]

1. f4 Nh6 2. Nf3 d5 3. e3 g6 4. c4 Bg7 5. Qb3 e6 6. Nc3 c6 7. e4 dxe4 8. Nxe4 0-0 9. Nc5 b6 10. Ne4 c5 11. Be2 Nc6 12. 0-0 Nd4 13. Nxd4 Qxd4+ 14. Qe3 Qd7 15. Qh3 Nf5 16. g4 Nd4 17. Bd1 Bb7 18. d3 Rad8 19. f5 exf5 20. gxf5 Nxf5 21. Bg5 Bd4+ 22. Kh1 f6 23. Bd2 Bxb2 24. Rb1 Qxd3 25. Qxd3 Rxd3 26. Rxb2 Bxe4+ 27. Kg1 Rfd8 28. Rf2 Kg7 29. Bg4 Nh4 30. h3 h5 31. Bd1 Rxh3 32. Rh2 Rxh2 33. Kxh2 Nf5 34. Bb3 Nd4 35. Bc3 g5 36. Rf2 Kg6 37. Bd1 Nf5 38. Bf3 Bxf3 39. Rxf3 g4 40. Rf2 g3+ 0-1

[Event "Collado Villalba Grupo Gallinero op 1st"]
[Site "Collado Villalba"]
[Date "2022.08.13"]
[Round "3"]
[White "Marin Lopez, Juan Jose"]
[Black "De Dompablo Fantova, Juan"]
[Result "1/2-1/2"]
[WhiteElo "1790"]
[BlackElo "1669"]
[PlyCount "94"]
[EventDate "2022.08.12"]
[EventType "swiss"]
[EventRounds "9"]
[EventCountry "ESP"]
[SourceTitle "CBM 210 Extra"]
[Source "ChessBase"]
[SourceDate "2022.11.30"]
[SourceVersion "1"]
[SourceVersionDate "2022.11.30"]
[SourceQuality "1"]

1. e4 e5 2. Nf3 Nc6 3. Bc4 Bc5 4. c3 Nf6 5. d3 d6 6. h3 a6 7. 0-0 h6 8. Bb3 0-0 9. Re1 Ba7 10. Nbd2 Re8 11. Nf1 Ne7 12. Ng3 Ng6 13. Bc2 c6 14. d4 Qc7 15. Nf5 Be6 16. g4 Bxf5 17. gxf5 Nf8 18. Be3 Kh7 19. Qd2 N8d7 20. Rad1 Rad8 21. Qe2 b5 22. Nh2 a5 23. Ng4 c5 24. d5 Rb8 25. f4 c4 26. fxe5 Bxe3+ 27. Qxe3 dxe5 28. Rd2 Qb6 29. Kf2 Nh5 30. Qxb6 Rxb6 31. Kf3 f6 32. Ne3 Nf4 33. Rh1 a4 34. Ng2 Nxg2 35. Rxg2 Nc5 36. Rhg1 Re7 37. a3 Nb7 38. Ke3 Nd6 39. Bd1 Rbb7 40. Bh5 Ra7 41. h4 Nc8 42. Rd1 Nd6 43. Rgd2 Rac7 44. Kf3 Ra7 45. Bg6+ Kh8 46. Ke3 Rac7 47. Rg1 Ra7 1/2-1/2

[Event "Merida World Heritage op 2nd"]
[Site "Merida"]
[Date "2022.08.06"]
[Round "7"]
[White "Marin Lopez, Juan Jose"]
[Black "Corbacho Chaves, Oscar"]
[Result "1-0"]
[WhiteElo "1790"]
[BlackElo "1867"]
[PlyCount "47"]
[EventDate "2022.08.02"]
[EventType "swiss"]
[EventRounds "9"]
[EventCountry "ESP"]
[SourceTitle "EXT 2023"]
[Source "ChessBase"]
[SourceDate "2022.10.05"]
[SourceVersion "1"]
[SourceVersionDate "2022.10.05"]
[SourceQuality "1"]

1. e4 c5 2. Nc3 Nc6 3. Bb5 Nd4 4. Nf3 Nxb5 5. Nxb5 d6 6. d4 Qa5+ 7. Nc3 Nf6 8. 0-0 cxd4 9. Qxd4 g6 10. Nd5 Bg7 11. Bg5 Nh5 12. Qc4 Be6 13. Nc7+ Kd7 14. Nxe6 fxe6 15. e5 Rac8 16. Qh4 Rhf8 17. Rad1 d5 18. c4 Ke8 19. Qg4 Rf5 20. cxd5 Bxe5 21. Rfe1 Bf6 22. Rxe6 Rc5 23. Bd2 Rcxd5 24. Bxa5 1-0

[Event "Merida World Heritage op 2nd"]
[Site "Merida"]
[Date "2022.08.03"]
[Round "2"]
[White "Garrido Sanchez, David"]
[Black "Marin Lopez, Juan Jose"]
[Result "1-0"]
[WhiteElo "1564"]
[BlackElo "1790"]
[PlyCount "101"]
[EventDate "2022.08.02"]
[EventType "swiss"]
[EventRounds "9"]
[EventCountry "ESP"]
[SourceTitle "EXT 2023"]
[Source "ChessBase"]
[SourceDate "2022.10.05"]
[SourceVersion "1"]
[SourceVersionDate "2022.10.05"]
[SourceQuality "1"]

1. d4 f5 2. e3 Nf6 3. Bd3 d6 4. Nf3 Nc6 5. c3 e5 6. dxe5 dxe5 7. Bc2 Qe7 8. 0-0 Bd7 9. b4 e4 10. Nd4 Ne5 11. f4 Nc6 12. a4 Nxd4 13. cxd4 Qxb4 14. Ba3 Qa5 15. Bxf8 Rxf8 16. Nd2 Qc3 17. Re1 Nd5 18. Nf1 Nb4 19. Rc1 Nxc2 20. Rxc2 Qa5 21. Rc5 Qb6 22. a5 Qd6 23. Re5+ Kf7 24. Qb3+ Be6 25. d5 Bd7 26. Rc1 b6 27. Qc3 Rac8 28. Ng3 g6 29. Ne2 c5 30. axb6 axb6 31. Rb1 Rfe8 32. Qb3 b5 33. Nc3 Rb8 34. Rxe8 Bxe8 35. Qa3 Kg8 36. Qb3 Kg7 37. h3 b4 38. Ne2 Bb5 39. Nc1 Ra8 40. Qb2+ Kh6 41. g4 g5 42. fxg5+ Kxg5 43. Qg7+ Qg6 44. Qe7+ Kh6 45. Qh4+ Kg7 46. Qe7+ Kg8 47. Rb2 Ra1 48. Qxc5 fxg4 49. hxg4 Qf6 50. Rf2 Qe5 51. Qf8# 1-0

[Event "Merida World Heritage op 2nd"]
[Site "Merida"]
[Date "2022.08.02"]
[Round "1"]
[White "Marin Lopez, Juan Jose"]
[Black "Movsziszian, Karen"]
[Result "0-1"]
[WhiteElo "1790"]
[BlackElo "2473"]
[PlyCount "54"]
[EventDate "2022.08.02"]
[EventType "swiss"]
[EventRounds "9"]
[EventCountry "ESP"]
[SourceTitle "CBM 209 Extra"]
[Source "ChessBase"]
[SourceDate "2022.09.30"]
[SourceVersion "1"]
[SourceVersionDate "2022.09.30"]
[SourceQuality "1"]

1. e4 g6 2. d4 Bg7 3. Nf3 d6 4. Be2 Nf6 5. Nc3 0-0 6. 0-0 e6 7. Re1 Nc6 8. Be3 a6 9. a4 b6 10. h3 h6 11. Qd2 Kh7 12. Rad1 Bb7 13. Nh2 e5 14. d5 Nd4 15. Nf3 Nxe2+ 16. Qxe2 Qd7 17. b3 Ng8 18. Nh2 Rae8 19. a5 b5 20. Nb1 f5 21. f3 Nf6 22. Bf2 c5 23. dxc6 Qxc6 24. Qd3 fxe4 25. Qxd6 Qxc2 26. Qb4 exf3 27. Nxf3 Nd5 0-1

[Event "Alcorcon Diagonal op 1st"]
[Site "Alcorcon"]
[Date "2022.01.15"]
[Round "1"]
[White "Marin Lopez, Juan Jose"]
[Black "Mata Medina, Andres"]
[Result "1-0"]
[WhiteElo "1785"]
[BlackElo "1303"]
[PlyCount "113"]
[EventDate "2022.01.15"]
[EventType "swiss"]
[EventRounds "7"]
[EventCountry "ESP"]
[SourceTitle "EXT 2023"]
[Source "ChessBase"]
[SourceDate "2022.10.05"]
[SourceVersion "1"]
[SourceVersionDate "2022.10.05"]
[SourceQuality "1"]

1. b4 d5 2. Bb2 Nf6 3. Nf3 Bf5 4. e3 Nbd7 5. Be2 e6 6. b5 Be7 7. 0-0 c5 8. c4 0-0 9. a4 Nb6 10. cxd5 Nbxd5 11. d3 Nb4 12. e4 Bg4 13. Ne5 Bxe2 14. Qxe2 Nd7 15. Rd1 f6 16. Nf3 Qc7 17. Na3 Rfd8 18. d4 b6 19. Qc4 Nf8 20. Rac1 Qb7 21. e5 f5 22. dxc5 Bxc5 23. Nd4 Rac8 24. Qf1 Bxd4 25. Rxd4 Nd5 26. Nc4 Qb8 27. Nd6 Rxc1 28. Bxc1 Nd7 29. f4 Nc5 30. Qc4 Rd7 31. Nxf5 Qe8 32. Nd6 Qh5 33. Rxd5 exd5 34. Qxd5+ Kf8 35. f5 Qh4 36. g3 Qe7 37. f6 Qd8 38. fxg7+ Kxg7 39. h4 Qf8 40. Bg5 h6 41. Bf6+ Kh7 42. Qf3 Qg8 43. h5 Qe6 44. Qa8 Qg8 45. Qg2 Qg4 46. Qc2+ Kg8 47. Qg6+ Qxg6 48. hxg6 Nxa4 49. Nf5 Nc5 50. Nxh6+ Kf8 51. Nf5 Ne6 52. g7+ Nxg7 53. Bxg7+ Kf7 54. Bf6 Rd5 55. Kf2 Ke6 56. g4 Rxb5 57. Nd4+ 1-0